000 00779nam a2200241Ia 4500
003 OSt
005 20220923224551.0
006 a|||||r|||| 00| 0
007 ta
008 220922b |||||||| |||| 00| 0 pan d
020 _c240
024 _a242,773
037 _b165, 24/10/2009, H.K. Prakashan
_cTextual
040 _aARTS
_cARTS
_bpan
041 _2pan
_apan
082 _aU8.3, 153P4
100 _aਧਾਲੀਵਾਲ, ਬਲਦੇਵ ਸਿੰਘ
245 0 _aਥੇਮਗ਼ ਨਾਲ ਵਗਦਿਆਂ
260 _aਦਿੱਲੀ
_b ਮਨਪ੍ਰੀਤ
_c2004
300 _a193ਪੰ
_ccm.
942 _hU8.3, 153P4
_cTEXL
_2CC
999 _c372259
_d372259